| 000 | 00572nam a2200253Ia 4500 | ||
|---|---|---|---|
| 008 | 160620s9999||||xx |||||||||||||| ||und|| | ||
| 040 | _cMarathi | ||
| 082 | _aXVA | ||
| 082 | _bBORI-58077 | ||
| 100 | _aG. A. Bhagwat | ||
| 245 | _aSanskrit Terminology | ||
| 300 | _a24 | ||
| 300 | _cE | ||
| 300 | _ePaperback | ||
| 530 | _u00058077.pdf | ||
| 563 | _aRef | ||
| 600 | _aG. A. Bhagwat | ||
| 630 | _aSanskrit Terminology | ||
| 650 | _aDictionaries | ||
| 650 | _aReference | ||
| 700 | _aG. A. Bhagwat | ||
| 730 | _aSanskrit Terminology | ||
| 942 | _cBOOK | ||
| 999 |
_c1390975 _d1390972 |
||